[Event "Oberoesterreich-ch op"]
[Site "Traun"]
[Date "2017.04.09"]
[Round "3"]
[White "Obran, Harald"]
[Black "Knoll, Hermann"]
[Result "0-1"]
[WhiteElo "2009"]
[BlackElo "2336"]
[PlyCount "84"]
[EventDate "2017.04.07"]
[EventType "swiss"]
[EventRounds "9"]
[EventCountry "AUT"]
[SourceTitle "EXT 2024"]
[Source "ChessBase"]
[SourceDate "2023.10.10"]
[SourceVersion "1"]
[SourceVersionDate "2023.10.10"]
[SourceQuality "1"]

1. d4 Nf6 2. c4 e6 3. Nc3 Bb4 4. Qc2 0-0 5. a3 Bxc3+ 6. Qxc3 b6 7. Nf3 Bb7 8. g3 c5 9. dxc5 bxc5 10. Bg5 d6 11. Rd1 Qe7 12. Bxf6 gxf6 13. Bg2 Nc6 14. 0-0 a5 15. Rfe1 a4 16. e4 Rab8 17. Rd2 Ba6 18. Red1 Rfd8 19. Qc2 Rb3 20. Rd3 Na5 21. Rxb3 Nxb3 22. Qc3 Bb7 23. Qd3 Bc6 24. e5 fxe5 25. Nxe5 Bxg2 26. Kxg2 Nd4 27. Nf3 Qb7 28. Qe3 Rb8 29. Rxd4 cxd4 30. Qxd4 Qc6 31. Qf6 Qxc4 32. Qg5+ Kf8 33. Qf6 Rc8 34. h4 Rc5 35. Qh8+ Ke7 36. Ng5 Qd5+ 37. Kh3 Qf5+ 38. Kg2 Rc2 39. Nf3 Qe4 40. Qb8 Rc5 41. Qa7+ Kf6 42. Qb6 Rf5 0-1

[Event "AUT-ch Seniors"]
[Site "Wirt im Feld"]
[Date "2015.09.14"]
[Round "2"]
[White "Obran, Harald"]
[Black "Gruber, Konrad"]
[Result "1-0"]
[WhiteElo "2012"]
[BlackElo "1477"]
[PlyCount "97"]
[EventDate "2015.09.13"]
[EventType "swiss"]
[EventRounds "7"]
[EventCountry "AUT"]
[SourceTitle "EXT 2016"]
[Source "ChessBase"]
[SourceDate "2015.10.08"]
[SourceVersion "1"]
[SourceVersionDate "2015.10.08"]
[SourceQuality "1"]

1. d4 d5 2. c4 e6 3. Nc3 Nf6 4. Bg5 Be7 5. Nf3 0-0 6. e3 b6 7. cxd5 Nxd5 8. Bxe7 Qxe7 9. Rc1 Bb7 10. Be2 Nd7 11. 0-0 N7f6 12. Ne5 Rac8 13. Qa4 Nxc3 14. Rxc3 Nd5 15. Rcc1 a5 16. Nc6 Qd6 17. a3 Ra8 18. Bb5 Ne7 19. e4 f6 20. e5 fxe5 21. dxe5 Qd7 22. Rcd1 Qe8 23. Nxe7+ Qxe7 24. Bc6 Bxc6 25. Qxc6 Rad8 26. Rxd8 Rxd8 27. Rc1 Rd7 28. g3 Kf7 29. b4 axb4 30. axb4 Qd8 31. Kg2 h6 32. h4 h5 33. Qf3+ Kg6 34. Rc6 Qe7 35. Qe4+ Kh6 36. Qf5 Qf7 37. Rxe6+ g6 38. Qxf7 Rxf7 39. f4 Kg7 40. Kf3 Rd7 41. Ke4 Rd1 42. Re7+ Kf8 43. Rxc7 Rb1 44. Rc6 Rxb4+ 45. Kd5 Kf7 46. Rc7+ Kf8 47. Ke6 Rb3 48. Kf6 Ke8 49. e6 1-0

[Event "AUT-ch Seniors"]
[Site "Wirt im Feld"]
[Date "2015.09.13"]
[Round "1"]
[White "Steigerstorfer, Erich"]
[Black "Obran, Harald"]
[Result "1-0"]
[WhiteElo "2157"]
[BlackElo "2012"]
[PlyCount "77"]
[EventDate "2015.09.13"]
[EventType "swiss"]
[EventRounds "7"]
[EventCountry "AUT"]
[SourceTitle "EXT 2016"]
[Source "ChessBase"]
[SourceDate "2015.10.08"]
[SourceVersion "1"]
[SourceVersionDate "2015.10.08"]
[SourceQuality "1"]

1. d4 Nf6 2. Nf3 g6 3. g3 Bg7 4. Bg2 d5 5. 0-0 0-0 6. c3 Nbd7 7. Nbd2 c5 8. Re1 cxd4 9. cxd4 Qb6 10. b3 e5 11. e3 e4 12. Ng5 h6 13. Nh3 g5 14. Kh1 Re8 15. Ng1 Nf8 16. f3 Ng6 17. fxe4 Bg4 18. Bf3 Nxe4 19. Nxe4 Bxf3+ 20. Qxf3 Rxe4 21. Rf1 Qe6 22. Ne2 Rc8 23. Bd2 Rc2 24. Rfd1 Qh3 25. Qg2 Qxg2+ 26. Kxg2 Ne7 27. Rac1 Rxa2 28. Nc3 Rxd2+ 29. Rxd2 Rxe3 30. Re2 Bxd4 31. Rxe3 Bxe3 32. Re1 d4 33. Nd1 Nd5 34. Nxe3 Nxe3+ 35. Kf3 Kg7 36. Ra1 a6 37. Ra4 Nf1 38. Rxd4 Nxh2+ 39. Kg2 1-0

[Event "Balaton op-A 29th"]
[Site "Heviz"]
[Date "2011.10.20"]
[Round "3"]
[White "Metaxasz, Vaszilisz"]
[Black "Obran, Harald"]
[Result "1-0"]
[WhiteElo "2165"]
[BlackElo "1988"]
[PlyCount "69"]
[EventDate "2011.10.18"]
[EventType "swiss"]
[EventRounds "9"]
[EventCountry "HUN"]
[SourceTitle "EXT 2012"]
[Source "ChessBase"]
[SourceDate "2011.11.24"]
[SourceVersion "1"]
[SourceVersionDate "2011.11.24"]
[SourceQuality "1"]

1. Nf3 c5 2. c4 g6 3. d4 cxd4 4. Nxd4 Bg7 5. Nc3 Nc6 6. Nc2 d6 7. Bd2 Nf6 8. e4 0-0 9. Be2 a6 10. 0-0 Bd7 11. Rb1 Rc8 12. Kh1 Ne8 13. Be3 Ne5 14. Na3 Nc6 15. Nd5 e6 16. Nb6 Rc7 17. Qd2 Qe7 18. Rfd1 Nb8 19. b4 f5 20. c5 Rc6 21. exf5 gxf5 22. Nxd7 Nxd7 23. b5 Rxc5 24. Bxc5 Nxc5 25. f3 Be5 26. Nc4 Qg7 27. bxa6 Bc3 28. Qe3 f4 29. Qxc5 dxc5 30. axb7 Nd6 31. b8Q Rxb8 32. Rxb8+ Kf7 33. Nxd6+ Kg6 34. Bd3+ Kg5 35. Rb7 1-0

[Event "Balatonlelle op 26th"]
[Site "Balatonlelle"]
[Date "2008.06.14"]
[Round "1.28"]
[White "Obran, Harald"]
[Black "Horvath, Julia"]
[Result "1/2-1/2"]
[WhiteElo "2033"]
[BlackElo "2232"]
[PlyCount "43"]
[EventDate "2008.06.14"]
[EventType "swiss"]
[EventRounds "9"]
[EventCountry "HUN"]
[SourceTitle "CBM 125 Extra"]
[Source "ChessBase"]
[SourceDate "2008.09.01"]
[SourceVersion "1"]
[SourceVersionDate "2008.09.01"]
[SourceQuality "1"]

1. d4 f5 2. c4 Nf6 3. Nc3 g6 4. Qc2 Bg7 5. Nf3 d6 6. Bf4 0-0 7. 0-0-0 c6 8. h4 Qa5 9. Nd2 e5 10. Nb3 Qc7 11. Bg5 a5 12. c5 a4 13. Na1 a3 14. b4 d5 15. e3 h6 16. Bxf6 Bxf6 17. Nb3 Qg7 18. g3 Be6 19. dxe5 Bxe5 20. Nd4 Re8 21. Bh3 Na6 22. Qb1 1/2-1/2

[Event "HUN-ch op"]
[Site "Zalakaros"]
[Date "2001.??.??"]
[Round "2"]
[White "Kercsmarics, Jozsef"]
[Black "Obran, Harald"]
[Result "1/2-1/2"]
[WhiteElo "2098"]
[BlackElo "2125"]
[PlyCount "51"]
[EventDate "2001.??.??"]
[EventType "swiss"]
[EventRounds "9"]
[EventCountry "HUN"]
[SourceTitle "EXT 2002"]
[Source "ChessBase"]
[SourceDate "2001.11.25"]
[SourceVersion "1"]
[SourceVersionDate "2001.11.25"]
[SourceQuality "1"]

1. e4 c6 2. d4 d5 3. Nc3 dxe4 4. Nxe4 Nf6 5. Nxf6+ gxf6 6. Nf3 Qc7 7. Be3 Bg4 8. Be2 e6 9. Qd2 Nd7 10. h3 Bh5 11. g4 Bg6 12. Nh4 Be4 13. f3 Bg6 14. Nxg6 hxg6 15. f4 f5 16. 0-0-0 Nf6 17. Bf3 0-0-0 18. c4 Bd6 19. Kb1 Rh4 20. c5 Be7 21. Bf2 Rhh8 22. Qe3 Nd5 23. Bxd5 Rxd5 24. g5 Rhd8 25. Qf3 b6 26. cxb6 1/2-1/2

[Event "Budapest WFG op"]
[Site "Budapest"]
[Date "2000.??.??"]
[Round "?"]
[White "Vogt, Lothar"]
[Black "Obran, Harald"]
[Result "1-0"]
[WhiteElo "2465"]
[BlackElo "2130"]
[PlyCount "79"]
[EventDate "2000.??.??"]
[EventType "swiss"]
[EventRounds "9"]
[EventCountry "HUN"]
[SourceTitle "EXT 2004"]
[Source "ChessBase"]
[SourceDate "2003.11.25"]
[SourceVersion "1"]
[SourceVersionDate "2003.11.25"]
[SourceQuality "1"]

1. e4 c6 2. c4 d5 3. exd5 cxd5 4. cxd5 Nf6 5. Nc3 g6 6. Bb5+ Bd7 7. Bc4 Bg7 8. Qb3 Qc8 9. Nf3 0-0 10. 0-0 Na6 11. d4 Nc7 12. a4 e6 13. dxe6 Nxe6 14. Be3 Ng4 15. Rad1 Nxe3 16. fxe3 Bh6 17. Nd5 Qd8 18. Ne5 Bc6 19. Nf6+ Kh8 20. Nxc6 bxc6 21. Bxe6 Rb8 22. Qc3 fxe6 23. Ng4 Bg7 24. Rxf8+ Qxf8 25. Qxc6 Rxb2 26. Qxe6 Qb8 27. Qe4 Rb4 28. Rc1 h5 29. Nf2 Kh7 30. g3 Rxa4 31. g4 Ra5 32. Rc6 Rg5 33. Qe7 Rb5 34. Rc7 Rb1+ 35. Kg2 Qg8 36. Rxa7 Kh8 37. Qe4 Rb6 38. Ra8 Bf8 39. Qe5+ Kh7 40. Qc7+ 1-0

[Event "Budapest Nyar op"]
[Site "Budapest"]
[Date "1998.??.??"]
[Round "4"]
[White "Lengyel, Bela"]
[Black "Obran, Harald"]
[Result "1-0"]
[WhiteElo "2385"]
[BlackElo "2160"]
[PlyCount "65"]
[EventDate "1998.??.??"]
[EventType "swiss"]
[EventRounds "9"]
[EventCountry "HUN"]
[SourceTitle "EXT 2000"]
[Source "ChessBase"]
[SourceDate "1999.11.16"]
[SourceVersion "1"]
[SourceVersionDate "1999.11.16"]
[SourceQuality "1"]

1. e4 c6 2. d4 d5 3. Nc3 dxe4 4. Nxe4 Nf6 5. Nxf6+ gxf6 6. Nf3 Qc7 7. Be3 Bg4 8. h3 Bh5 9. Be2 e6 10. Qd2 Nd7 11. g4 Bg6 12. Nh4 0-0-0 13. Nxg6 fxg6 14. 0-0-0 Bd6 15. Kb1 Kb8 16. h4 Nb6 17. c4 c5 18. Qa5 Nd7 19. Qxc7+ Kxc7 20. dxc5 Be7 21. b4 e5 22. Bd3 a5 23. a3 axb4 24. axb4 Ra8 25. Kb2 Ra4 26. Bc2 Raa8 27. h5 g5 28. Bf5 Rad8 29. Rd5 h6 30. Rhd1 Nb8 31. b5 Rhe8 32. b6+ Kc6 33. Bc2 1-0

[Event "Budapest Nyar op"]
[Site "Budapest"]
[Date "1998.??.??"]
[Round "3"]
[White "Obran, Harald"]
[Black "Jamrich, Gyorgy"]
[Result "1-0"]
[WhiteElo "2160"]
[BlackElo "2310"]
[PlyCount "89"]
[EventDate "1998.??.??"]
[EventType "swiss"]
[EventRounds "9"]
[EventCountry "HUN"]
[SourceTitle "EXT 2000"]
[Source "ChessBase"]
[SourceDate "1999.11.16"]
[SourceVersion "1"]
[SourceVersionDate "1999.11.16"]
[SourceQuality "1"]

1. d4 e6 2. c4 b6 3. Nc3 Bb7 4. Nf3 f5 5. Bf4 Nf6 6. a3 Ne4 7. Qc2 Be7 8. e3 0-0 9. Bd3 Nxc3 10. bxc3 g5 11. Bg3 g4 12. Nd2 Bxg2 13. Rg1 Bh3 14. f3 h5 15. fxg4 hxg4 16. Bf1 Bxf1 17. Nxf1 Rf7 18. h3 Rg7 19. Qh2 c5 20. hxg4 fxg4 21. Rh1 Bf6 22. Ra2 cxd4 23. cxd4 d5 24. Rf2 Nd7 25. Qh8+ Kf7 26. Qh5+ Ke7 27. cxd5 Qg8 28. d6+ Kd8 29. Bh4 Rg6 30. Ng3 Rc8 31. Bxf6+ Nxf6 32. Qh8 Kd7 33. Qxg8 Nxg8 34. Rh7+ Kxd6 35. Rxa7 Rc1+ 36. Kd2 Rb1 37. Ne4+ Kc6 38. Rff7 Rb2+ 39. Kd3 b5 40. Rfc7+ Kb6 41. Nc5 Nf6 42. Rab7+ Ka5 43. Rc8 Rb3+ 44. Nxb3+ Ka4 45. Kc3 1-0

[Event "Balatonbereny op"]
[Site "Balatonbereny"]
[Date "1997.??.??"]
[Round "1"]
[White "Obran, Harald"]
[Black "Schwarz, A."]
[Result "1/2-1/2"]
[WhiteElo "2190"]
[BlackElo "2230"]
[PlyCount "48"]
[EventDate "1997.??.??"]
[EventType "swiss"]
[EventRounds "9"]
[EventCountry "HUN"]
[SourceTitle "EXT 2001"]
[Source "ChessBase"]
[SourceDate "2000.11.22"]
[SourceVersion "1"]
[SourceVersionDate "2000.11.22"]
[SourceQuality "1"]

1. c4 Nf6 2. Nc3 g6 3. d4 Bg7 4. e4 d6 5. Be2 0-0 6. f4 c5 7. d5 e6 8. Nf3 exd5 9. cxd5 Re8 10. e5 dxe5 11. fxe5 Ng4 12. Bg5 Qa5 13. 0-0 c4 14. Kh1 Qb6 15. Qd2 Nd7 16. e6 fxe6 17. dxe6 Nde5 18. Nxe5 Nxe5 19. Nd5 Qc5 20. Be3 Qc6 21. Nf6+ Bxf6 22. Rxf6 Rxe6 23. Rxe6 Bxe6 24. Qc3 Bh3 1/2-1/2

[Event "Donau op-A 05th"]
[Site "Aschach"]
[Date "1996.??.??"]
[Round "7"]
[White "Klundt, Klaus"]
[Black "Obran, Harald"]
[Result "1-0"]
[WhiteElo "2340"]
[BlackElo "2190"]
[PlyCount "45"]
[EventDate "1996.12.??"]
[EventType "swiss"]
[EventRounds "7"]
[EventCountry "AUT"]
[SourceTitle "EXT 1998"]
[Source "ChessBase"]
[SourceDate "1997.11.17"]
[SourceVersion "1"]
[SourceVersionDate "1997.11.17"]
[SourceQuality "1"]

1. e4 c6 2. d4 d5 3. exd5 cxd5 4. c4 Nf6 5. Nc3 Nc6 6. Bg5 Be6 7. Qa4 h6 8. Bxf6 exf6 9. 0-0-0 Be7 10. cxd5 Bxd5 11. Qb5 Rc8 12. Qxd5 Qc7 13. Nf3 0-0 14. Kb1 Nb4 15. Qb3 Qf4 16. Bd3 Rfd8 17. Rhe1 Bf8 18. Be4 Rd7 19. d5 b5 20. Rd4 f5 21. g3 Qd6 22. Bxf5 Rdc7 23. Rxb4 1-0

[Event "Balatonbereny op-B"]
[Site "Balatonbereny"]
[Date "1996.??.??"]
[Round "3"]
[White "Obran, Harald"]
[Black "Richter, Rainer"]
[Result "0-1"]
[WhiteElo "2190"]
[BlackElo "2225"]
[PlyCount "40"]
[EventDate "1996.06.??"]
[EventType "swiss"]
[EventRounds "9"]
[EventCountry "HUN"]
[SourceTitle "CBM 053 Extra"]
[Source "ChessBase"]
[SourceDate "1996.09.01"]
[SourceVersion "1"]
[SourceVersionDate "1996.09.01"]
[SourceQuality "1"]

1. d4 f5 2. Nc3 Nf6 3. Bg5 e6 4. e4 fxe4 5. Nxe4 Be7 6. Ng3 Nc6 7. Bd3 Nxd4 8. Bxf6 Bxf6 9. Qh5+ g6 10. Qg4 d5 11. 0-0-0 e5 12. Bxg6+ hxg6 13. Qxg6+ Ke7 14. Rxd4 Rg8 15. Qh7+ Rg7 16. Qh5 exd4 17. Nf3 Bg4 18. Re1+ Kf8 19. Qh8+ Kf7 20. Ne5+ Bxe5 0-1